Les 10 jeux vidéo les plus vendus sur Playstation 4 - Statistiques

Statistiques générales
  • Ce quiz a été pris 849 fois
  • Le résultat moyen est 7 sur 10
Statistiques - réponses
Jeu Genre Editeur Ventes (millions) % Correct
1er Grand Theft Auto V Action-aventure Rockstar 19,8
98%
10e FIFA 17 Sport EA Sports 10,9
96%
9e FIFA 18 Sport EA Sports 11,8
96%
3e Call of Duty: Black Ops III FPS Activision 15
88%
5e Call of Duty: WWII FPS Activision 13,6
88%
4e Red Dead Redemption II Action-aventure Rockstar 13,9
73%
2e Uncharted 4: A Thief's End Action-aventure Sony 16
52%
7e The Last of Us Action-aventure Sony 12
51%
8e God of War Action-aventure Sony 12
48%
6e Marvel's Spider-Man Action Sony 13,2
41%
Aucun quiz correspondant
Distribution des résultats
% des personnes avec chaque résultat
Percentile par nombre de réponses
Votre historique - résultats
Vous n’avez pas pris ce quiz